| 000 | 00625cam a2200229ua 4500 | ||
|---|---|---|---|
| 020 |
_a81-7087-021-6 _c175.00 |
||
| 041 |
_aeng _h |
||
| 082 |
_a631.3 _bBOS/TH |
||
| 100 | _aBosoi, E S . | ||
| 245 |
_aTheory, construction and calculations of agricultural machines, Vol 1 / _cE S Bosoi. _hTextual Documents |
||
| 250 |
_a1 / _b. |
||
| 260 |
_aNew Delhi : _bOxonian Press Pvt Ltd , _c1987. |
||
| 300 | _a314 ; . | ||
| 365 | _a175.00 | ||
| 504 | _a | ||
| 700 | 1 | _aSmirnov, I I . | |
| 700 | 1 | _aSultan-Shak, E G . | |
| 700 | 1 | _aVerneaev, O V . | |
| 942 | _cBK | ||
| 999 |
_c7315 _d7315 |
||